000 00283nam a22001217a 4500
008 171003b xxu||||| |||| 00| 0 eng d
041 _aeng
080 _24TH
_a159.9
100 _a48
101 _aPSI
245 _aABNORMAL PSYCHOLOGY AND MODERN LIFE
_cCOLEMAN,J,C
942 _2udc
_cBK
999 _c31526
_d31526